01633nam a2200397 a 4500001001200000003000800012006001900020007001500039008004100054010001700095020001500112020001800127020002700145040002100172035002100193043001200214050002600226245015200252260006200404300003100466490004100497504005600538533015200594650004300746650004300789650002900832651004400861651004200905655002900947700002700976700002201003710001701025830005001042856012601092999001701218ebr10641583CaPaEBRm u cr cn|||||||||070206s2006 pauabd sb 000 0 eng d z 2007295515 z0812219805 z9780812219807 z9780812204483 (e-book) aCaPaEBRcCaPaEBR a(OCoLC)794702271 an-us-la14aHT177.N49bR43 2006eb00aRebuilding urban places after disasterh[electronic resource] :blessons from Hurricane Katrina /cedited by Eugenie L. Birch and Susan M. Wachter. aPhiladelphia :bUniversity of Pennsylvania Press,cc2006. axii, 375 p. :bill., maps.1 aThe city in the twenty-first century aIncludes bibliographical references (p. [345]-364). aElectronic reproduction.bPalo Alto, Calif. :cebrary,d2013.nAvailable via World Wide Web.nAccess may be limited to ebrary affiliated libraries. 0aUrban renewalzLouisianazNew Orleans. 0aCity planningzLouisianazNew Orleans. 0aHurricane Katrina, 2005. 0aNew Orleans (La.)xEconomic conditions. 0aNew Orleans (La.)xSocial conditions. 7aElectronic books.2local1 aBirch, Eugenie Ladner.1 aWachter, Susan M.2 aebrary, Inc. 0aCity in the twenty-first century book series.40uhttp://site.ebrary.com/lib/rucke/Doc?id=10641583zAn electronic book accessible through the World Wide Web; click to view c30865d30865